000 01775nam a2200253Ia 4500
000 02369naaa 00373uu
001 https://directory.doabooks.org/handle/20.500.12854/67024
005 20260218110016.0
008 211013s9999 xx 000 0 und d
020 _a9781789851540
024 _a10.5772/intechopen.83441
042 _adc
100 1 _aSarfraz, Muddassar
245 0 _aSustainable Management Practices
260 _bIntechOpen
_c2019
300 _a1 electronic resource (144 p.)
520 _aThis book encapsulates the advanced concept of sustainable management and will enlighten readers to understand this concept for practical applications. The book's salient features are as follows: ??? Illustrates the basic concepts of human psychology causing risk factors such as burnout; ??? Differentiates adaptive sustainable measures and management practices; ??? Emphasizes sustainable agriculture management to confront the current dynamic environment and defines specific rules for enterprise development while coping with global climate change; ??? Assesses inertia with respect to economic development; ??? Constructs the linkage between technological strategies and innovation among construction companies; ??? Demonstrates non-financial reporting through theoretical and empirical evidence; ??? Elucidates the principles of equality, elaborating the managing of equality and diversity in a Steiner school
540 _aCreative Commons
653 _aManagement of specific areas
700 1 _aIbrahim Adbullah, Muhammad
856 _uhttps://docs.google.com/spreadsheets/d/1yKIrdCPDAG_9c22mwoOIO2DOhtj65Wqa/edit?usp=sharing&ouid=106555315294820607512&rtpof=true&sd=true
_yList of Curated E-Books
942 _cE-BOOK
999 _c53059
_d53059